Media in india: raj to swaraj (Record no. 139533)

MARC details
000 -LEADER
fixed length control field 00532nam a22001817a 4500
005 - DATE AND TIME OF LATEST TRANSACTION
control field 20170505121944.0
010 ## - LCCN (DPL NO)
LC control number ENG-118046
020 ## - INTERNATIONAL STANDARD BOOK NUMBER
International Standard Book Number 9789385144387
Terms of availability 995.00
035 ## - SYSTEM CONTROL NUMBER
System control number EN-101578
037 ## - SOURCE OF ACQUISITION
Source of stock number/acquisition DBAD/PUB
082 ## - DEWEY DECIMAL CLASSIFICATION NUMBER
Classification number 302.230954
100 ## - MAIN ENTRY--PERSONAL NAME
Personal name Chandrakanta K. Mathur
245 ## - TITLE STATEMENT
Title Media in india: raj to swaraj
Statement of responsibility, etc by Chandrakanta K. Mathur
260 ## - PUBLICATION, DISTRIBUTION, ETC. (IMPRINT)
Place of publication, distribution, etc Shakti Nagar
Name of publisher, distributor, etc Shivalik Prakashan
Date of publication, distribution, etc 2015
270 ## - ADDRESS
Address 27/16, Shakti Nagar
300 ## - PHYSICAL DESCRIPTION
Extent viii, 249p
Dimensions 23cm.[Hb]
942 ## - ADDED ENTRY ELEMENTS (KOHA)
Source of classification or shelving scheme Dewey Decimal Classification
Item type English Books
Classification part 302.230954
Call number suffix MAT
Holdings
Withdrawn status Lost status Not for loan Collection code Home library Current library Date acquired Source of acquisition Cost, normal purchase price Full call number Barcode Copy number Cost, replacement price Koha item type
      Non-fiction Shahdara Branch Shahdara Branch 05/05/2017 DBAD/PUB 995.00 302.230954 MAT EN-101578 1 995.00 English Books

© Delhi Public Library
Hit Counter
free hit counter